书目信息 |
| 题名: |
你的人生要你自己做选择
|
|
| 作者: | 张立娜 著 | |
| 分册: | ||
| 出版信息: | 南昌 江西人民出版社 2016 |
|
| 页数: | 210页 | |
| 开本: | 21cm | |
| 丛书名: | ||
| 单 册: | ||
| 中图分类: | B502.231 | |
| 科图分类: | ||
| 主题词: | ||
| 电子资源: | ||
| ISBN: | 978-7-210-08717-5 | |
| 000 | 00962nam0 22002531 450 | |
| 001 | 0115101253 | |
| 005 | 20170415101253.0 | |
| 010 | @a978-7-210-08717-5@dCNY32.80 | |
| 100 | @a20161026d2016 em y0chiy50 ea | |
| 101 | 0 | @achi |
| 102 | @aCN@b360000 | |
| 105 | @ay z 000yy | |
| 106 | @ar | |
| 200 | 1 | @a你的人生要你自己做选择@Ani de ren sheng yao ni zi ji zuo xuan ze@e每天读点苏格拉底@f张立娜著 |
| 210 | @a南昌@c江西人民出版社@d2016 | |
| 215 | @a210页@d21cm | |
| 300 | @a哲学大爆炸 | |
| 330 | @a本书共八章,内容包括青春是一本太仓促的书;要爱请深爱,不爱请走开;可以不忘记,但一定要放下;走向远方是为了让生命更辉煌;梦想还是要有的,万一实现了呢;世界这么大,还是遇见你等。 | |
| 517 | 1 | @a每天读点苏格拉底@Amei tian du dian su ge la di |
| 600 | 0 | @a苏格拉底@Asu ge la di@c(Socrates@f前469-前399)@x哲学思想@x研究 |
| 690 | @aB502.231@v5 | |
| 701 | 0 | @a张立娜@Azhang li na@4著 |
| 801 | 0 | @aCN@bTANGWEI@c20170308 |
| 905 | @b0965979-81@dB502.231@e84@f3 | |
| 你的人生要你自己做选择:每天读点苏格拉底/张立娜著.-南昌:江西人民出版社,2016 |
| 210页;21cm |
| 哲学大爆炸 |
| ISBN 978-7-210-08717-5:CNY32.80 |
| 本书共八章,内容包括青春是一本太仓促的书;要爱请深爱,不爱请走开;可以不忘记,但一定要放下;走向远方是为了让生命更辉煌;梦想还是要有的,万一实现了呢;世界这么大,还是遇见你等。 |
| ● |
| 相关链接 |
|
|
|
|
正题名:你的人生要你自己做选择
索取号:B502.231/84
 
预约/预借
| 序号 | 登录号 | 条形码 | 馆藏地/架位号 | 状态 | 备注 |
| 1 | 0965979 | 209659797 | 第一样本阅览室/ [索取号:B502.231/84] | 在馆 | |
| 2 | 0965980 | 209659804 | 第一借阅区/ [索取号:B502.231/84] | 在馆 | |
| 3 | 0965981 | 209659813 | 第一借阅区/ [索取号:B502.231/84] | 在馆 |